000
00349 a2200169 4500
001
188179
020
_a
85-262-3841-8
040
_c
Magnum
100
_a
Quiles, Margarita Barberá
240
1
0
_a
El zorro
_l
ESP
245
1
0
_a
El zorro
300
_a
111
362
0
_a
2003
440
1
_a
Scipione
697
_a
LITERATURA ESPANHOLA
942
_c
BK
999
_c
188179
_d
188179